Napříč Evropou - od Jadranu k Baltu
Máj-jún 1996 Viedeň - stretnutie ministrov zahraničných vecí členských krajín Stredoeurópskej iniciatívy (CEI) - rozšírenie tejto organizácie o 5 nových krajín, upresnenie vzťahov k EÚ, zhodnotenie vývoja v krajinách bývalej Juhoslávie a návrhy pre rozvoj regionálnych programov. Súčasné úlohy CEI.
Gespeichert in:
| 1. Verfasser: | |
|---|---|
| Format: | Buchkapitel |
| Sprache: | Tschechisch |
| Schlagworte: | |
| Tags: |
Keine Tags, Fügen Sie das erste Tag hinzu!
|
MARC
| LEADER | 00000naa a2200000 4500 | ||
|---|---|---|---|
| 001 | r021576 | ||
| 005 | 20230920092003.4 | ||
| 041 | 0 | |a cze | |
| 044 | |a CZ | ||
| 245 | 1 | 0 | |a Napříč Evropou - od Jadranu k Baltu |c J. Kreidl |
| 520 | |a Máj-jún 1996 Viedeň - stretnutie ministrov zahraničných vecí členských krajín Stredoeurópskej iniciatívy (CEI) - rozšírenie tejto organizácie o 5 nových krajín, upresnenie vzťahov k EÚ, zhodnotenie vývoja v krajinách bývalej Juhoslávie a návrhy pre rozvoj regionálnych programov. Súčasné úlohy CEI. | ||
| 610 | 2 | 0 | |a stredná Európa |
| 610 | 2 | 0 | |a CEI |
| 610 | 2 | 0 | |a Európska únia |
| 610 | 2 | 0 | |a vývoj hospodársky |
| 610 | 2 | 0 | |a regióny |
| 610 | 2 | 0 | |a Bosna a Hercegovina |
| 100 | 1 | |a Kreidl, J. | |